000 00604nam a22001937a 4500
999 _c196218
_d196218
005 20230607104250.0
010 _aUR-12027
020 _a9789394616769
_c250.00
035 _aU-10582
037 _bDBAD/PUB
082 _a844
100 _aاستھا نوی ، شکیل
245 _aذکر حیات /
_cشکیل استھا نوی
246 _aZikre Hayat /
_bby Shakil Asthanwi
260 _aDelhi
_bEducational Publishing House
_c2022 ء
270 _a3191, Vakil Street, Kucha Pandit, lal Kuan
_bDelhi
_e110006
300 _a188 ص
_c23cm(Hb)
942 _2ddc
_cUR
_h844
_mا س ت